<?xml version="1.0" encoding="UTF-8"?><?xml-stylesheet type="text/xsl" href="static/style.xsl"?><OAI-PMH xmlns="http://www.openarchives.org/OAI/2.0/" xmlns:xsi="http://www.w3.org/2001/XMLSchema-instance" xsi:schemaLocation="http://www.openarchives.org/OAI/2.0/ http://www.openarchives.org/OAI/2.0/OAI-PMH.xsd"><responseDate>2026-04-14T03:42:58Z</responseDate><request verb="GetRecord" identifier="oai:www.recercat.cat:2117/440572" metadataPrefix="marc">https://recercat.cat/oai/request</request><GetRecord><record><header><identifier>oai:recercat.cat:2117/440572</identifier><datestamp>2025-09-19T20:50:21Z</datestamp><setSpec>com_2072_1033</setSpec><setSpec>col_2072_452951</setSpec></header><metadata><record xmlns="http://www.loc.gov/MARC21/slim" xmlns:dcterms="http://purl.org/dc/terms/" xmlns:xsi="http://www.w3.org/2001/XMLSchema-instance" xmlns:doc="http://www.lyncode.com/xoai" xsi:schemaLocation="http://www.loc.gov/MARC21/slim http://www.loc.gov/standards/marcxml/schema/MARC21slim.xsd">
   <leader>00925njm 22002777a 4500</leader>
   <datafield ind2=" " ind1=" " tag="042">
      <subfield code="a">dc</subfield>
   </datafield>
   <datafield ind2=" " ind1=" " tag="720">
      <subfield code="a">Ben Amar Bensiali, Mounir</subfield>
      <subfield code="e">author</subfield>
   </datafield>
   <datafield ind2=" " ind1=" " tag="260">
      <subfield code="c">2025-06</subfield>
   </datafield>
   <datafield ind2=" " ind1=" " tag="520">
      <subfield code="a">Este Trabajo de Fin de Grado tiene como objetivo el diseño, modelado y control de un péndulo invertido sobre un carro móvil. Este mismo sistema es un sistema inestable, el cual necesita de una ley de control para poder estabilizarse y quedarse en la posición deseada, que en este caso es la posición vertical superior, identificada como el ángulo cero. La primera parte consiste en modelar de manera matemática y física el sistema, definiendo las ecuaciones dinámicas que representan a este. A partir de estas ecuaciones, se linealizan alrededor del ángulo cero. Esta linealización se produce para poder obtener las funciones de transferencia y las matrices de espacio de estados. A partir del modelado matemático del sistema, se pasa a analizar el comportamiento del sistema y se comprueba la inestabilidad de este. Con esto, se empiezan a analizar las diferentes posibilidades de implementación de las leyes de control. La primera ley que se plantea es un controlador de tipo PID, el cual después de diversos análisis con el sistema linealizado y sin linealizar, se obtiene que no es posible controlar el sistema completo. La segunda ley que se analiza es la implementación de un controlador LQR. Este controlador es algo más avanzado que el PID, y gracias a esto se obtienen unos resultados satisfactorios, consiguiendo controlar el sistema del péndulo y carro móvil. Después de haber conseguido una ley de control que consigue estabilizar el sistema, se modelan los diferentes componentes del sistema en 3D con SolidWorks. Posteriormente, estos sólidos se insertan en un entorno virtual, Simulink Multibody, para simular un comportamiento físico parecido a la realidad. A partir de estas simulaciones en el entorno virtual, se valida el correcto funcionamiento del controlador LQR. En conclusión, después de todos los análisis, el sistema es totalmente controlable. El controlador que consigue este control es un controlador de tipo LQR, y no un PID que es algo más simple.</subfield>
   </datafield>
   <datafield ind1="8" ind2=" " tag="024">
      <subfield code="a">http://hdl.handle.net/2117/440572</subfield>
   </datafield>
   <datafield tag="653" ind2=" " ind1=" ">
      <subfield code="a">Àrees temàtiques de la UPC::Enginyeria mecànica</subfield>
   </datafield>
   <datafield tag="653" ind2=" " ind1=" ">
      <subfield code="a">Pendulum</subfield>
   </datafield>
   <datafield tag="653" ind2=" " ind1=" ">
      <subfield code="a">Automatic control</subfield>
   </datafield>
   <datafield tag="653" ind2=" " ind1=" ">
      <subfield code="a">Computer simulation</subfield>
   </datafield>
   <datafield tag="653" ind2=" " ind1=" ">
      <subfield code="a">Computer-aided design</subfield>
   </datafield>
   <datafield tag="653" ind2=" " ind1=" ">
      <subfield code="a">Pèndol</subfield>
   </datafield>
   <datafield tag="653" ind2=" " ind1=" ">
      <subfield code="a">Control automàtic</subfield>
   </datafield>
   <datafield tag="653" ind2=" " ind1=" ">
      <subfield code="a">Simulació per ordinador</subfield>
   </datafield>
   <datafield tag="653" ind2=" " ind1=" ">
      <subfield code="a">Disseny assistit per ordinador</subfield>
   </datafield>
   <datafield ind2="0" ind1="0" tag="245">
      <subfield code="a">Control y estabilización de un péndulo invertido sobre un carro móvil</subfield>
   </datafield>
</record></metadata></record></GetRecord></OAI-PMH>